Normal view
MARC view
- Shelly, Gary B.
Entry Personal Name
001 - CONTROL NUMBER
- control field: 19441
003 - CONTROL NUMBER IDENTIFIER
- control field: NUST
005 - DATE AND TIME OF LATEST TRANSACTION
- control field: 20190822083611.0
008 - FIXED-LENGTH DATA ELEMENTS
- fixed length control field: 190822|| aca||aabn | a|a d
040 ## - CATALOGING SOURCE
- Original cataloging agency: NUST
- Transcribing agency: NUST
100 ## - HEADING--PERSONAL NAME
- Personal name: Shelly, Gary B.
670 ## - SOURCE DATA FOUND
- Source citation: Work cat.: (NUST): Shelly, Gary B., Discovering Computers /, 2013.
